000 00689nam a22001935i 4500
001 168722
003 ES-MaACL
005 20230906213853.0
008 080523s2007 sp |||| | spa d
020 _a978-84-921328-4-3
080 _a94(460.285 Villacañas)"1931/39"
245 0 0 _aII República en Villacañas
_b: 14 de abril de 1931- 27 de marzo de 1939 /
_cÁngel Zaragoza López ... [et al.].
260 _aVillacañas (Toledo) :
_bAyuntamiento de Villacañas,
_c2007.
300 _a351 p. :
_bil. ;
_c24 cm.
504 _aBibliogr.
651 4 _aVillacañas-Historia-1931-1939.
_9137808
700 1 _aZaragoza López, Ángel.
_9137807
852 4 _aES-MaACL
_jL-29503
_9R.143195
999 _c168722
_d168722